000 00150nam a22000857a 4500
082 _a823
100 _aVERA SOUTHGATE
245 _aE L DORADO
942 _cBK
999 _c8375
_d8375